[Event "47. Miedzynarodowy Festiwal Szachowy im."]
[Site "Polanica Zdroj"]
[Date "2011.??.??"]
[Round "7.7"]
[White "Czech, Mieczyslaw"]
[Black "Wyczalek, Tytus"]
[Result "1-0"]
[WhiteElo "1967"]
[BlackElo "1382"]
[PlyCount "113"]
[EventDate "2011.??.??"]

1. e4 e5 2. Nf3 d6 3. d4 exd4 4. Nxd4 Nf6 5. Nc3 a6 6. Be2 Be7 7. O-O Bd7 8. f4
Nc6 9. Nb3 Be6 10. Be3 Qc8 11. f5 Bd7 12. g4 h6 13. Rf2 Ne5 14. h3 Bc6 15. Qd4
Nfd7 16. Bf4 Bf6 17. Qe3 Nb6 18. Nd2 Na4 19. Nd1 Qd7 20. c4 Qe7 21. Rb1 Bg5 22.
b3 Nb6 23. Nc3 Bxf4 24. Qxf4 Qg5 25. Nf1 Qxf4 26. Rxf4 f6 27. Ne3 Nf7 28. Kf2
Ng5 29. Kg3 Nd7 30. b4 Ne5 31. a4 O-O 32. h4 Ngf7 33. b5 axb5 34. cxb5 Bd7 35.
Ncd5 c6 36. Nb6 Rad8 37. Rff1 Be8 38. Rfd1 Nd7 39. Nxd7 Rxd7 40. Rd4 Rc7 41. b6
Rc8 42. Bc4 Kh8 43. Bxf7 Bxf7 44. Rxd6 Rfd8 45. Rbd1 Rxd6 46. Rxd6 Be8 47. Kf4
Kg8 48. g5 hxg5+ 49. hxg5 fxg5+ 50. Kxg5 Kf7 51. e5 Ke7 52. Rd4 Bf7 53. e6 Be8
54. Rh4 Rd8 55. Rh7 Kf8 56. Rh8+ Ke7 57. Rg8 1-0

[Event "47. Miedzynarodowy Festiwal Szachowy im."]
[Site "Polanica Zdroj"]
[Date "2011.??.??"]
[Round "7.8"]
[White "Ossowski, Boleslaw"]
[Black "Przybyl, Jozef"]
[Result "1/2-1/2"]
[WhiteElo "1694"]
[BlackElo "1941"]
[PlyCount "100"]
[EventDate "2011.??.??"]

1. b3 e5 2. e3 Nf6 3. Bb2 d6 4. d3 Be7 5. g3 Bd7 6. Bg2 Bc6 7. e4 Nbd7 8. Nc3
Nf8 9. Nge2 Ne6 10. a4 a6 11. O-O O-O 12. Nd5 Bd7 13. f4 exf4 14. Ndxf4 c6 15.
Nxe6 Bxe6 16. Nf4 Bd7 17. Kh1 Ng4 18. Qe2 Bf6 19. d4 Re8 20. Bh3 Nh6 21. Bxd7
Qxd7 22. Qf3 c5 23. Nd5 Bd8 24. dxc5 dxc5 25. Rad1 Qe6 26. Rde1 Rc8 27. Nf4 Qc6
28. Nh5 f6 29. Bc1 Nf7 30. Qg4 g6 31. Bb2 Ne5 32. Bxe5 Rxe5 33. Nxf6+ Bxf6 34.
Rxf6 Qc7 35. Re6 Re8 36. Rxe8+ Rxe8 37. Qf4 Qc6 38. Kg1 c4 39. Qe3 cxb3 40.
cxb3 Re5 41. Qd4 Qe8 42. Qc4+ Kg7 43. Qc7+ Re7 44. Qc3+ Re5 45. b4 h5 46. Qc7+
Re7 47. Qc3+ Kh7 48. Qc2 Re5 49. Qc7+ Re7 50. Qc2 Re5 1/2-1/2

[Event "47. Miedzynarodowy Festiwal Szachowy im."]
[Site "Polanica Zdroj"]
[Date "2011.??.??"]
[Round "7.9"]
[White "Niecko, Stanislaw"]
[Black "Skladzien, Romuald"]
[Result "0-1"]
[WhiteElo "1856"]
[BlackElo "1865"]
[PlyCount "36"]
[EventDate "2011.??.??"]

1. c4 e6 2. e4 d5 3. cxd5 exd5 4. exd5 Nf6 5. Bb5+ Bd7 6. Bc4 Be7 7. Ne2 O-O 8.
O-O b5 9. Bb3 Bf5 10. Nbc3 b4 11. Nb5 Bd3 12. d6 Bxd6 13. Nxd6 Qxd6 14. Re1
Nbd7 15. Bc2 Nc5 16. b3 Rfe8 17. Bb2 Bxc2 18. Qxc2 Nd3 0-1

[Event "47. Miedzynarodowy Festiwal Szachowy im."]
[Site "Polanica Zdroj"]
[Date "2011.??.??"]
[Round "7.10"]
[White "Wilczewski, Piotr"]
[Black "Kwiek, Janusz"]
[Result "0-1"]
[WhiteElo "1908"]
[BlackElo "1778"]
[PlyCount "52"]
[EventDate "2011.??.??"]

1. d4 Nf6 2. Bg5 Ne4 3. Bf4 d5 4. Nd2 Bf5 5. Nxe4 Bxe4 6. Nf3 e6 7. c3 Nd7 8.
b4 Be7 9. e3 a5 10. a3 axb4 11. axb4 O-O 12. Be2 c6 13. O-O b5 14. Nd2 Bg6 15.
Nb3 Nb6 16. Qd2 Nc4 17. Bxc4 bxc4 18. Na5 Qb6 19. Ra3 Ra6 20. Rfa1 Rfa8 21. Qa2
Kf8 22. Nxc4 Rxa3 23. Nxa3 Qa6 24. Qb2 Qd3 25. Nc2 Rxa1+ 26. Nxa1 Qd1# 0-1

[Event "47. Miedzynarodowy Festiwal Szachowy im."]
[Site "Polanica Zdroj"]
[Date "2011.??.??"]
[Round "7.11"]
[White "Winiarski, Kazimierz"]
[Black "Pudlo, Jerzy"]
[Result "1/2-1/2"]
[WhiteElo "1967"]
[BlackElo "1702"]
[PlyCount "112"]
[EventDate "2011.??.??"]

1. e4 c5 2. Nf3 d6 3. d4 cxd4 4. Nxd4 Nc6 5. Be3 Nf6 6. Nc3 a6 7. Be2 Bd7 8.
O-O g6 9. Qd2 h5 10. Rad1 b5 11. a3 Rc8 12. Nxc6 Bxc6 13. f3 Qc7 14. Bd3 Bg7
15. Bd4 O-O 16. Qf2 e5 17. Be3 Bd7 18. h3 Be6 19. g4 Qd7 20. Qg3 Bc4 21. g5 Ne8
22. Bxc4 Rxc4 23. Rd2 Qe6 24. Nd5 Kh7 25. c3 f5 26. gxf6 Nxf6 27. Nxf6+ Bxf6
28. Rfd1 Be7 29. Kh2 Qf7 30. Rg1 Qg8 31. h4 Rcc8 32. f4 exf4 33. Bxf4 Qe6 34.
Bxd6 Qxe4 35. Bxe7 Qxe7 36. Re1 Qf7 37. Red1 Rce8 38. Rd7 Re7 39. Rxe7 Qxe7 40.
Rd2 Rd8 41. Rf2 Qd6 42. Qxd6 Rxd6 43. Rc2 Rc6 44. b3 a5 45. c4 Kh6 46. c5 b4
47. axb4 axb4 48. Kg3 g5 49. hxg5+ Kxg5 50. Rc4 Kf5 51. Kh4 Ke5 52. Kxh5 Kd5
53. Kg4 Rxc5 54. Rxb4 Rc3 55. Kf4 Kc5 56. Rb8 Rd3 1/2-1/2

[Event "47. Miedzynarodowy Festiwal Szachowy im."]
[Site "Polanica Zdroj"]
[Date "2011.??.??"]
[Round "7.13"]
[White "Dulinski, Stanislaw"]
[Black "Olszewski, Jerzy"]
[Result "0-1"]
[WhiteElo "1831"]
[BlackElo "1885"]
[PlyCount "90"]
[EventDate "2011.??.??"]

1. e4 e5 2. f4 exf4 3. Nf3 d6 4. Bc4 Be6 5. Be2 Bg4 6. O-O g6 7. d4 Nf6 8. Qd3
Qe7 9. Nbd2 Bg7 10. c3 O-O 11. h3 Bd7 12. d5 Re8 13. Ng5 h6 14. Ngf3 Nxe4 15.
Rf2 Nxf2 16. Kxf2 Qe3+ 17. Kf1 Qxd3 18. Bxd3 g5 19. Nh2 Re3 20. Bc2 Re7 21.
Ndf3 Be8 22. Bd2 Nd7 23. Rd1 Nf8 24. Ng4 Bd7 25. Nf2 Ng6 26. b3 a5 27. a3 b6
28. h4 g4 29. Bxg6 fxg6 30. Ne1 h5 31. c4 Bf6 32. Ned3 Bxh4 33. Nxf4 Bf5 34. b4
axb4 35. Bxb4 Bxf2 36. Kxf2 Re4 37. g3 h4 38. Ng2 h3 39. Nf4 Kf7 40. Rc1 Rae8
41. Kg1 g5 42. Nd3 Re3 43. Ne1 Rxg3+ 44. Kh2 Rge3 45. Kg1 Re2 0-1

[Event "47. Miedzynarodowy Festiwal Szachowy im."]
[Site "Polanica Zdroj"]
[Date "2011.??.??"]
[Round "7.14"]
[White "Kwiatkowski, Zygmunt"]
[Black "Szczerbak, Stefan"]
[Result "1/2-1/2"]
[WhiteElo "1613"]
[BlackElo "1672"]
[PlyCount "23"]
[EventDate "2011.??.??"]

1. c4 c5 2. Nc3 d6 3. g3 Nf6 4. Bg2 a6 5. d3 e5 6. Bg5 Be7 7. a3 O-O 8. Bd2
Nbd7 9. e3 Rb8 10. Nge2 b5 11. cxb5 axb5 12. b4 {blad w zapisie} 1/2-1/2

[Event "47. Miedzynarodowy Festiwal Szachowy im."]
[Site "Polanica Zdroj"]
[Date "2011.??.??"]
[Round "7.15"]
[White "Zielinski, Andrzej"]
[Black "Feliksinski, Tadeusz"]
[Result "0-1"]
[WhiteElo "1618"]
[BlackElo "1786"]
[PlyCount "70"]
[EventDate "2011.??.??"]

1. d4 Nf6 2. c4 d5 3. Nc3 g6 4. h3 Bg7 5. Bf4 dxc4 6. e3 Nd5 7. Nxd5 Qxd5 8.
Bxc7 Na6 9. Bf4 Qa5+ 10. Qd2 Qxd2+ 11. Kxd2 b5 12. a3 Bb7 13. Ne2 O-O 14. Nc3
Bc6 15. f3 Rad8 16. Ke2 Rd7 17. Rb1 Rfd8 18. Rd1 f6 19. Ke1 e6 20. Be2 e5 21.
dxe5 Rxd1+ 22. Bxd1 fxe5 23. Bg5 Rd7 24. e4 Nc5 25. Bc2 Ne6 26. Be3 Nd4 27. Bb1
a5 28. Kf2 b4 29. axb4 axb4 30. Na2 Bf8 31. Rc1 Bb5 32. Rd1 Ba4 33. Rc1 Bb3 34.
Bd2 Nc6 35. Re1 Rxd2+ 0-1

[Event "47. Miedzynarodowy Festiwal Szachowy im."]
[Site "Polanica Zdroj"]
[Date "2011.??.??"]
[Round "7.16"]
[White "Rychlik, Bogdan"]
[Black "Peer, Eli"]
[Result "1-0"]
[WhiteElo "1820"]
[BlackElo "1693"]
[PlyCount "74"]
[EventDate "2011.??.??"]

1. e4 c5 2. Nf3 Nc6 3. d4 cxd4 4. Nxd4 Nf6 5. Nc3 e6 6. Ndb5 Bb4 7. Nd6+ Ke7 8.
Bf4 Qa5 9. Ndb5 e5 10. Bd2 Qd8 11. Nd5+ Nxd5 12. Bxb4+ Ncxb4 13. exd5 d6 14.
Qd2 Qa5 15. c3 Na6 16. b4 Qb6 17. a4 f6 18. a5 Qd8 19. Qe3 b6 20. Nd4 Qc7 21.
axb6 Qxb6 22. Nc6+ Kf7 23. Qd3 Nc7 24. Be2 Bb7 25. Bf3 a6 26. O-O g6 27. Na5
Nb5 28. Nc4 Qc7 29. Rfe1 Kg7 30. Na5 Bc8 31. c4 Nd4 32. c5 Bd7 33. c6 Bf5 34.
Be4 Bxe4 35. Qxe4 Rhf8 36. Qd3 Rfb8 37. Nb7 Nb5 1-0

[Event "47. Miedzynarodowy Festiwal Szachowy im."]
[Site "Polanica Zdroj"]
[Date "2011.??.??"]
[Round "7.17"]
[White "Jurkiewicz, Kazimierz"]
[Black "Niezgoda, Boleslaw"]
[Result "0-1"]
[WhiteElo "1477"]
[BlackElo "1735"]
[PlyCount "64"]
[EventDate "2011.??.??"]

1. d4 c5 2. Nf3 cxd4 3. Nxd4 e5 4. Nb3 d5 5. Bd2 Nf6 6. Bg5 Be7 7. e3 O-O 8.
N1d2 b6 9. c3 Bb7 10. Qf3 Nbd7 11. Qf5 e4 12. Be2 Bc8 13. Bxf6 Nxf6 14. Qe5 Re8
15. c4 Bd6 16. Qc3 Be5 17. Qc2 d4 18. exd4 Bxd4 19. Rd1 Be5 20. Nxe4 Qc7 21.
Nxf6+ Bxf6 22. O-O Bb7 23. f3 Be5 24. h3 Bh2+ 25. Kh1 Bg3 26. Bd3 h6 27. Nc1
Bh4 28. b3 Qg3 29. Ne2 Qe5 30. Kg1 Bd8 31. Nc3 Bc7 32. Rf2 Qh2+ 0-1

[Event "47. Miedzynarodowy Festiwal Szachowy im."]
[Site "Polanica Zdroj"]
[Date "2011.??.??"]
[Round "7.18"]
[White "Panczuk, Boleslaw"]
[Black "Rabeda, Grzegorz"]
[Result "0-1"]
[WhiteElo "1482"]
[BlackElo "1495"]
[PlyCount "46"]
[EventDate "2011.??.??"]

1. d4 d5 2. c4 c6 3. Nc3 e6 4. e3 Nf6 5. Bd3 dxc4 6. Bxc4 b5 7. Bd3 a6 8. Nf3
Bb7 9. O-O c5 10. dxc5 Bxc5 11. a3 Nbd7 12. Qc2 Bxf3 13. gxf3 Rc8 14. Bd2 Ne5
15. Be2 Bd6 16. Qd1 Nc4 17. Bc1 Nd5 18. Nxd5 Qh4 19. Nf4 g5 20. Qd4 e5 21. Qe4
gxf4 22. b3 Qg5+ 23. Kh1 Rg8 0-1

[Event "47. Miedzynarodowy Festiwal Szachowy im."]
[Site "Polanica Zdroj"]
[Date "2011.??.??"]
[Round "7.19"]
[White "Jagiello, Adolf"]
[Black "Krawiec, Stanislaw"]
[Result "1-0"]
[WhiteElo "1443"]
[BlackElo "1662"]
[PlyCount "104"]
[EventDate "2011.??.??"]

1. Nf3 d5 2. d4 Nc6 3. Nbd2 f5 4. e3 a6 5. c3 Nf6 6. Ne5 Nxe5 7. dxe5 Ng4 8.
Nf3 c6 9. h3 Nh6 10. Nd2 Nf7 11. f4 e6 12. Nf3 Be7 13. Bd2 Bh4+ 14. Ke2 h6 15.
Be1 Be7 16. g3 Bd7 17. h4 g6 18. Bg2 c5 19. Kf2 Qc7 20. b3 b5 21. Nd2 Rb8 22.
Nf3 Rg8 23. Bd2 Bc6 24. Ne1 a5 25. Rh2 Rd8 26. Kg1 Rg7 27. Rc1 c4 28. Rb1 Nh8
29. b4 a4 30. a3 Kd7 31. Nf3 Kc8 32. Qe2 Nf7 33. Rd1 Rdg8 34. Kh1 g5 35. Rg1
Qd8 36. Be1 gxh4 37. gxh4 h5 38. Qf1 Rg6 39. Bf2 Nh6 40. Bh3 Ng4 41. Rhg2 d4
42. Qd1 d3 43. Rf1 Be4 44. Rgg1 Qd5 45. Bg2 Qd8 46. Qd2 R8g7 47. Bg3 Nh6 48.
Ng5 Bxg5 49. fxg5 Ng4 50. Rf4 Qd5 51. Bxe4 fxe4 52. Rf8+ Kd7 {zapis nieczytelny
} 1-0

[Event "47. Miedzynarodowy Festiwal Szachowy im."]
[Site "Polanica Zdroj"]
[Date "2011.??.??"]
[Round "8.1"]
[White "Pojedziniec, Wladyslaw"]
[Black "Olejarczyk, Bogdan"]
[Result "1/2-1/2"]
[WhiteElo "2168"]
[BlackElo "2137"]
[PlyCount "23"]
[EventDate "2011.??.??"]

1. d4 Nf6 2. Nf3 e6 3. c4 b6 4. g3 Bb7 5. Bg2 Be7 6. O-O O-O 7. Nc3 d5 8. cxd5
exd5 9. Bg5 Nbd7 10. Ne5 Ne4 11. Bxe7 Qxe7 12. Nxd7 1/2-1/2

[Event "47. Miedzynarodowy Festiwal Szachowy im."]
[Site "Polanica Zdroj"]
[Date "2011.??.??"]
[Round "8.2"]
[White "Galicki, Ryszard"]
[Black "Widera, Jan"]
[Result "0-1"]
[WhiteElo "1986"]
[BlackElo "2045"]
[PlyCount "30"]
[EventDate "2011.??.??"]

1. e4 c5 2. Nf3 Nc6 3. d4 cxd4 4. Nxd4 Nf6 5. Nc3 g6 6. Be3 Bg7 7. Be2 O-O 8.
Qd2 d5 9. exd5 Nxd5 10. Nxd5 Nxd4 11. Nxe7+ Qxe7 12. Bxd4 Bxd4 13. Qxd4 Re8 14.
Qd2 Bg4 15. O-O-O Qxe2 0-1

[Event "47. Miedzynarodowy Festiwal Szachowy im."]
[Site "Polanica Zdroj"]
[Date "2011.??.??"]
[Round "8.3"]
[White "Gralka, Julian"]
[Black "Drazek, Wladyslaw"]
[Result "1-0"]
[WhiteElo "2282"]
[BlackElo "2063"]
[PlyCount "90"]
[EventDate "2011.??.??"]

1. d4 d5 2. c4 e6 3. Nc3 Nf6 4. Bg5 Be7 5. e3 O-O 6. Nf3 h6 7. Bh4 a6 8. cxd5
Nxd5 9. Bxe7 Qxe7 10. Rc1 c6 11. Bc4 Nd7 12. Ne4 Rd8 13. Qb3 f5 14. Ng3 N7f6
15. O-O Bd7 16. Rfe1 b5 17. Bf1 Be8 18. Ne5 Rac8 19. Rc5 Rc7 20. Qc2 Rdc8 21.
a3 Qd6 22. Bd3 g6 23. Qd2 Nd7 24. Nxd7 Rxd7 25. Rec1 Ne7 26. Qa5 Ra8 27. Bb1
Bf7 28. Ba2 h5 29. Ne2 g5 30. f4 g4 31. Qe1 Kg7 32. Qh4 Bg6 33. R1c2 Rf8 34.
Nc1 Rc7 35. Nd3 Nd5 36. Qe1 Be8 37. Bxd5 exd5 38. Ne5 Rf6 39. Qa5 Qe7 40. Rxd5
Rd6 41. Rxd6 Qxd6 42. Rc5 Qe7 43. Qc3 Kg8 44. Qc2 Qf6 45. d5 Re7 1-0

[Event "47. Miedzynarodowy Festiwal Szachowy im."]
[Site "Polanica Zdroj"]
[Date "2011.??.??"]
[Round "8.4"]
[White "Kwiek, Janusz"]
[Black "Czech, Mieczyslaw"]
[Result "1/2-1/2"]
[WhiteElo "1778"]
[BlackElo "1967"]
[PlyCount "82"]
[EventDate "2011.??.??"]

1. Nf3 c5 2. c4 g6 3. g3 Bg7 4. Bg2 Nc6 5. O-O d6 6. d3 Nf6 7. Nc3 O-O 8. Bd2
Re8 9. Rb1 Bd7 10. a3 a5 11. Nb5 Qb6 12. Ng5 Nd8 13. a4 Nc6 14. Bc3 Rac8 15.
Ne4 Nxe4 16. Bxe4 Ne5 17. Qd2 Ra8 18. f4 Ng4 19. Bxg7 Kxg7 20. Bf3 Nf6 21. e4
Rad8 22. Qc3 Kg8 23. Bg2 Bc8 24. Rbd1 Nd7 25. f5 Ne5 26. fxg6 hxg6 27. Rf4 Kg7
28. Rdf1 Be6 29. R1f2 Rh8 30. b3 Rdf8 31. d4 cxd4 32. Nxd4 Bg4 33. Nf3 Bxf3 34.
Bxf3 f6 35. Kg2 Rc8 36. Rd2 Rc5 37. Rd1 Rhc8 38. Be2 R8c7 39. Rd5 Rc8 40. h4
R8c7 41. Rxc5 Rxc5 1/2-1/2

[Event "47. Miedzynarodowy Festiwal Szachowy im."]
[Site "Polanica Zdroj"]
[Date "2011.??.??"]
[Round "8.5"]
[White "Skladzien, Romuald"]
[Black "Janocha, Jan"]
[Result "1-0"]
[WhiteElo "1865"]
[BlackElo "1781"]
[PlyCount "103"]
[EventDate "2011.??.??"]

1. Nf3 c5 2. c4 Nc6 3. g3 Nf6 4. Bg2 e5 5. Nc3 d6 6. d3 h6 7. b3 Be7 8. Bb2 Be6
9. O-O Qc8 10. Re1 Rb8 11. Rc1 a6 12. a4 O-O 13. Qd2 Kh7 14. e4 g5 15. Nd5 Bd8
16. h4 gxh4 17. Nxh4 Nd4 18. Bxd4 cxd4 19. Nf3 Bh3 20. Rc2 Qg4 21. Qe2 Nxd5 22.
cxd5 Ba5 23. Rec1 Bc3 24. Kh2 Bxg2 25. Kxg2 Rg8 26. Rh1 Rbf8 27. Nh4 Qxe2 28.
Rxe2 Bb4 29. Nf5 Rg6 30. Rc2 Bc5 31. Rcc1 b5 32. Rh3 bxa4 33. bxa4 Rh8 34. Rch1
Kg8 35. Ne7+ Kg7 36. Nxg6 fxg6 37. f4 Bb4 38. fxe5 dxe5 39. Rb1 a5 40. Rhh1 Rc8
41. Rbc1 Bc3 42. Rhf1 Rb8 43. Rb1 Bb4 44. Rfc1 Rd8 45. Rc7+ Kf6 46. Rc6+ Kg5
47. Re6 Rc8 48. Rxe5+ Kg4 49. Rf1 g5 50. Re6 Rc2+ 51. Rf2 Be1 52. Rxc2 1-0

[Event "47. Miedzynarodowy Festiwal Szachowy im."]
[Site "Polanica Zdroj"]
[Date "2011.??.??"]
[Round "8.6"]
[White "Kozicz, Andrzej"]
[Black "Santura, Janusz"]
[Result "1-0"]
[WhiteElo "2014"]
[BlackElo "1856"]
[PlyCount "62"]
[EventDate "2011.??.??"]

1. e4 c6 2. d4 d5 3. Nc3 dxe4 4. Nxe4 Bf5 5. Ng3 Bg6 6. Nf3 Nd7 7. Bc4 e6 8.
Qe2 Ngf6 9. Bb3 Bd6 10. O-O O-O 11. Nh4 Qc7 12. Nxg6 hxg6 13. c4 Rfe8 14. Be3
Rad8 15. Rac1 c5 16. Rc3 b6 17. a3 cxd4 18. Bxd4 Nc5 19. Bxc5 Bxc5 20. Ba4 Re7
21. b4 Bd4 22. Rc2 a6 23. Rd1 Qb7 24. Kf1 e5 25. Rcd2 Re6 26. Bc2 Rc8 27. Ne4
Nh5 28. Qf3 Qe7 29. Bb3 Rec6 30. c5 Nf6 31. Nd6 Rf8 1-0

[Event "47. Miedzynarodowy Festiwal Szachowy im."]
[Site "Polanica Zdroj"]
[Date "2011.??.??"]
[Round "8.7"]
[White "Solek, Zenon"]
[Black "Przybyl, Jozef"]
[Result "1-0"]
[WhiteElo "1883"]
[BlackElo "1941"]
[PlyCount "71"]
[EventDate "2011.??.??"]

1. e4 c5 2. Nf3 e6 3. d4 cxd4 4. Nxd4 a6 5. Bd3 Nf6 6. O-O Qc7 7. Nc3 Nc6 8.
Nb3 Ne5 9. f4 Nxd3 10. cxd3 d6 11. Be3 Be7 12. Na4 Nd7 13. Rc1 Qb8 14. f5 exf5
15. exf5 O-O 16. f6 Bxf6 17. Rxf6 Nxf6 18. Nb6 Bg4 19. Qd2 Re8 20. Bd4 Bf5 21.
Rf1 Bg6 22. Rxf6 gxf6 23. Nd7 Qd8 24. Nxf6+ Kf8 25. Qh6+ Ke7 26. Qg5 Qb8 27.
Na5 Kd8 28. Bb6+ Ke7 29. Nxh7+ Ke6 30. Qe3+ Kf5 31. g4+ Kxg4 32. Nf6+ Kf5 33.
Qf3+ Ke6 34. Bd4 Ke7 35. Qe3+ Kf8 36. Nd7+ 1-0

[Event "47. Miedzynarodowy Festiwal Szachowy im."]
[Site "Polanica Zdroj"]
[Date "2011.??.??"]
[Round "8.8"]
[White "Feliksinski, Tadeusz"]
[Black "Ossowski, Boleslaw"]
[Result "1/2-1/2"]
[WhiteElo "1786"]
[BlackElo "1694"]
[PlyCount "51"]
[EventDate "2011.??.??"]

1. e4 e6 2. d4 b6 3. Nf3 Bb7 4. Bd3 d6 5. O-O Nd7 6. c4 Be7 7. Nc3 Ngf6 8. Qc2
e5 9. b3 c6 10. Ne2 Qc7 11. Bb2 exd4 12. Nfxd4 Ne5 13. Nf5 Bf8 14. f3 g6 15.
Nfg3 Bg7 16. Rae1 O-O 17. Nd4 Rac8 18. Qd2 d5 19. cxd5 cxd5 20. Rc1 Qb8 21.
exd5 Nxd5 22. Ne4 Rfd8 23. Rfd1 Rxc1 24. Qxc1 Nf6 25. Nxf6+ Bxf6 26. f4 1/2-1/2

[Event "47. Miedzynarodowy Festiwal Szachowy im."]
[Site "Polanica Zdroj"]
[Date "2011.??.??"]
[Round "8.9"]
[White "Salamon, Jan"]
[Black "Lada, Ireneusz"]
[Result "1-0"]
[WhiteElo "1823"]
[BlackElo "2042"]
[Annotator "Doe,John"]
[PlyCount "31"]
[EventDate "2011.??.??"]

1. d4 e5 2. dxe5 Nc6 3. Nf3 d6 4. Bf4 f6 5. exd6 Bxd6 6. Bxd6 cxd6 7. e3 Bg4 8.
Be2 Qb6 9. Qc1 O-O-O 10. O-O g5 11. Na3 h5 12. c3 Nge7 13. Qc2 f5 14. Nb5 a6
15. Nbd4 Kb8 16. Ne6 {dalsze zapisy nieczytelne} 1-0

[Event "47. Miedzynarodowy Festiwal Szachowy im."]
[Site "Polanica Zdroj"]
[Date "2011.??.??"]
[Round "8.10"]
[White "Wyczalek, Tytus"]
[Black "Winiarski, Kazimierz"]
[Result "0-1"]
[WhiteElo "1382"]
[BlackElo "1967"]
[PlyCount "112"]
[EventDate "2011.??.??"]

1. d4 e6 2. e4 d5 3. e5 c5 4. c3 Nc6 5. Be3 cxd4 6. cxd4 Bb4+ 7. Nc3 Bd7 8. Qb3
a5 9. a3 a4 10. Qc2 Bxc3+ 11. Qxc3 Nge7 12. Bd3 Na5 13. Nf3 Nb3 14. Rb1 Qb6 15.
O-O Rc8 16. Qe1 Bb5 17. Bxb5+ Qxb5 18. Qd1 O-O 19. Nd2 Nxd2 20. Bxd2 Nc6 21.
Bc3 Na5 22. Bxa5 Qxa5 23. Qd3 Rc4 24. Rfc1 Rfc8 25. Qd1 h6 26. Rxc4 Rxc4 27.
Rc1 b5 28. h3 Qc7 29. Rxc4 Qxc4 30. Qd2 Kf8 31. Qc3 Ke7 32. Qb4+ Ke8 33. f3 f6
34. f4 Qc1+ 35. Kh2 Qxf4+ 36. Kg1 Qc1+ 37. Kh2 Qc6 38. exf6 gxf6 39. Qd2 Qc4
40. Kg3 Kd7 41. Qf2 Qd3+ 42. Kh2 Ke7 43. Qf4 Kf7 44. Qxh6 Qxd4 45. Qh7+ Ke8 46.
Qg8+ Kd7 47. Qf7+ Kd6 48. Qf8+ Ke5 49. Qb4 Qxb4 50. axb4 Kf4 51. g3+ Kf3 52. h4
d4 53. h5 d3 54. h6 d2 55. h7 d1=Q 56. h8=Q Qe2+ 0-1

[Event "47. Miedzynarodowy Festiwal Szachowy im."]
[Site "Polanica Zdroj"]
[Date "2011.??.??"]
[Round "8.12"]
[White "Pudlo, Jerzy"]
[Black "Niecko, Stanislaw"]
[Result "1/2-1/2"]
[WhiteElo "1702"]
[BlackElo "1856"]
[PlyCount "46"]
[EventDate "2011.??.??"]

1. d4 Nf6 2. g3 g6 3. Bg2 Bg7 4. e4 d6 5. Ne2 O-O 6. O-O c6 7. c3 Nbd7 8. f4 c5
9. Kh1 Rb8 10. Nd2 b5 11. Re1 b4 12. Ng1 bxc3 13. bxc3 Qa5 14. Qc2 Nb6 15. Nb3
Qa4 16. Qd1 c4 17. Nd2 Qxd1 18. Rxd1 Na4 19. Ne2 Ba6 20. h3 Nb2 21. Rb1 Rb6 22.
e5 dxe5 23. fxe5 Nd7 1/2-1/2

[Event "47. Miedzynarodowy Festiwal Szachowy im."]
[Site "Polanica Zdroj"]
[Date "2011.??.??"]
[Round "8.13"]
[White "Niezgoda, Boleslaw"]
[Black "Budrewicz, Henryk"]
[Result "1-0"]
[WhiteElo "1735"]
[BlackElo "1607"]
[PlyCount "121"]
[EventDate "2011.??.??"]

1. e4 c5 2. f4 g6 3. Nf3 Bg7 4. c3 d6 5. Be2 Nc6 6. O-O Nf6 7. Qc2 Qb6 8. Kh1
e5 9. f5 gxf5 10. exf5 d5 11. Na3 a6 12. d4 cxd4 13. c4 d3 14. Bxd3 e4 15. cxd5
exd3 16. Qxd3 Ne7 17. Nc4 Qd8 18. d6 O-O 19. Nh4 Ned5 20. Qg3 Kh8 21. Bg5 h6
22. Bd2 Ne4 23. Qh3 Nxd2 24. Nxd2 Nf6 25. Rad1 b5 26. Ndf3 Ne4 27. Qg4 Ng5 28.
Qh5 Qf6 29. Nd4 Bd7 30. Qg4 Rfd8 31. Qg3 Rac8 32. Qa3 Rc4 33. Ndf3 Nxf3 34.
Nxf3 Qxb2 35. Qxa6 Rc2 36. Qa7 Bc6 37. Qxf7 Rf8 38. Qh5 Bd7 39. Nh4 Be8 40. Qf3
Rd2 41. Qf4 Rxd1 42. Rxd1 Bh5 43. g4 Qe2 44. Rg1 Be8 45. d7 Bxd7 46. Qd6 Qe4+
47. Rg2 Qe1+ 48. Rg1 Qxh4 49. Qxd7 Rd8 50. Qxb5 Qf2 51. Qf1 Qxa2 52. Rg2 Qd5
53. f6 Bf8 54. h3 Ra8 55. f7 Bg7 56. Kg1 Bd4+ 57. Kh1 Kg7 58. Qf4 Ra1+ 59. Kh2
Bf6 60. f8=Q+ Kxf8 61. Qxf6+ 1-0

[Event "47. Miedzynarodowy Festiwal Szachowy im."]
[Site "Polanica Zdroj"]
[Date "2011.??.??"]
[Round "8.14"]
[White "Szczerbak, Stefan"]
[Black "Wilczewski, Piotr"]
[Result "0-1"]
[WhiteElo "1672"]
[BlackElo "1908"]
[PlyCount "41"]
[EventDate "2011.??.??"]

1. Nf3 d5 2. d4 c6 3. Nbd2 Bf5 4. e3 e6 5. a3 Nd7 6. c4 Bd6 7. c5 Bc7 8. b4 b5
9. a4 a6 10. axb5 axb5 11. Bb2 Ngf6 12. Be2 O-O 13. O-O Qe7 14. Qb3 Ne4 15. g3
Bg4 16. Bd3 Qf6 17. Nxe4 dxe4 18. Bxe4 Bxf3 19. Bxf3 Qxf3 20. Qd1 Qxd1 21.
Rfxd1 0-1

[Event "47. Miedzynarodowy Festiwal Szachowy im."]
[Site "Polanica Zdroj"]
[Date "2011.??.??"]
[Round "8.15"]
[White "Kwiatkowski, Zygmunt"]
[Black "Rychlik, Bogdan"]
[Result "1-0"]
[WhiteElo "1613"]
[BlackElo "1820"]
[PlyCount "83"]
[EventDate "2011.??.??"]

1. c4 Nf6 2. g3 c6 3. Bg2 g6 4. Nc3 Bg7 5. Nf3 O-O 6. O-O d5 7. cxd5 cxd5 8. d4
Nc6 9. a3 Qe8 10. Re1 a6 11. Bg5 Ne4 12. Bf4 Nxc3 13. bxc3 b5 14. a4 Bb7 15.
axb5 axb5 16. Qb3 Rxa1 17. Rxa1 b4 18. Rc1 Qd7 19. cxb4 Bxd4 20. Rxc6 Bxf2+ 21.
Kxf2 Bxc6 22. Ne5 Qb7 23. Nxc6 Qxc6 24. Bxd5 Qb6+ 25. Be3 Qf6+ 26. Kg2 Rc8 27.
Bc5 e6 28. Bf3 h5 29. Qe3 Kh7 30. Bd4 Qf5 31. Qe5 Rg8 32. Qxf5 exf5 33. h4 Rb8
34. Bc5 Kg7 35. Bc6 f6 36. b5 Rd8 37. Kf2 g5 38. hxg5 fxg5 39. Be3 Kf6 40. Bf3
g4 41. Bg2 Ke5 42. b6 1-0

[Event "47. Miedzynarodowy Festiwal Szachowy im."]
[Site "Polanica Zdroj"]
[Date "2011.??.??"]
[Round "8.16"]
[White "Rabeda, Grzegorz"]
[Black "Jagiello, Adolf"]
[Result "1/2-1/2"]
[WhiteElo "1495"]
[BlackElo "1443"]
[PlyCount "30"]
[EventDate "2011.??.??"]

1. d4 d5 2. c4 dxc4 3. e3 b5 4. a4 Bd7 5. axb5 Bxb5 6. Nc3 Qd7 7. Qf3 Bc6 8. d5
Bb7 9. Bxc4 a6 10. Nge2 e6 11. dxe6 Bxf3 12. exd7+ Nxd7 13. gxf3 c6 14. b3 Ne5
15. Nd4 Bb4 1/2-1/2

[Event "47. Miedzynarodowy Festiwal Szachowy im."]
[Site "Polanica Zdroj"]
[Date "2011.??.??"]
[Round "8.17"]
[White "Peer, Eli"]
[Black "Dulinski, Stanislaw"]
[Result "0-1"]
[WhiteElo "1693"]
[BlackElo "1831"]
[PlyCount "100"]
[EventDate "2011.??.??"]

1. e4 e5 2. Bc4 Nf6 3. d3 d6 4. Nf3 Bg4 5. c3 Nbd7 6. Qb3 Nc5 7. Qd1 c6 8. b4
Ne6 9. h3 Bh5 10. Be3 Qc7 11. Nbd2 Nf4 12. Bxf4 exf4 13. O-O Be7 14. a4 O-O 15.
Re1 Nd7 16. Qb3 Nb6 17. a5 Nxc4 18. Qxc4 a6 19. e5 dxe5 20. Rxe5 Bg6 21. Rae1
Bd6 22. R5e2 Kh8 23. Ne5 Bh5 24. f3 f6 25. Ng4 Bf7 26. Qd4 h5 27. Nh2 c5 28.
Qf2 cxb4 29. cxb4 Rae8 30. Rb1 Rxe2 31. Qxe2 Re8 32. Qd1 Bxb4 33. Ne4 Bxa5 34.
Qa4 b5 35. Qa1 Rc8 36. d4 Qc2 37. Nf1 Bb6 38. Rd1 Bb3 39. Rd2 Qc6 40. Qa3 Ba4
41. Qe7 Rd8 42. Kh2 Qd7 43. Qb4 a5 44. Qb1 b4 45. Nc5 Qe8 46. Nxa4 Qxa4 47. Qf5
Qc6 48. Qxh5+ Kg8 49. d5 Qc1 50. Re2 Bc5 0-1

[Event "47. Miedzynarodowy Festiwal Szachowy im."]
[Site "Polanica Zdroj"]
[Date "2011.??.??"]
[Round "8.18"]
[White "Krawiec, Stanislaw"]
[Black "Zielinski, Andrzej"]
[Result "0-1"]
[WhiteElo "1662"]
[BlackElo "1618"]
[PlyCount "86"]
[EventDate "2011.??.??"]

1. e4 g6 2. d4 Bg7 3. c4 c5 4. Nf3 cxd4 5. Nxd4 Qb6 6. Nb3 Nf6 7. Nc3 Qd8 8.
Be2 d6 9. O-O O-O 10. Be3 Nc6 11. f4 e6 12. Qd2 Qe7 13. Rad1 Rd8 14. a3 b6 15.
Nc1 Bb7 16. Bf3 Na5 17. Qe2 Rac8 18. b3 Nd7 19. Bd2 Nc6 20. Nb1 Nd4 21. Qf2
Nxf3+ 22. gxf3 Nc5 23. Be3 f5 24. exf5 exf5 25. Rfe1 Qf7 26. Kg2 d5 27. b4 Na4
28. c5 bxc5 29. bxc5 Nb2 30. Rd2 Nc4 31. Rc2 Nxe3+ 32. Qxe3 Re8 33. Qf2 Rxe1
34. Qxe1 d4 35. Nd3 Qd5 36. Nd2 Kf8 37. Nc4 Qd7 38. Qc1 Bc6 39. Nb4 Qb7 40. Qd1
Qd7 41. Nd6 Rb8 42. Qd3 Ba4 43. Rc4 a5 0-1